000 00379nam a2200145Ia 4500
008 231129s1996||||xx |||||||||||||| ||spa||
020 _a64-413-0286-3
040 _bspa
082 _aU813.5 E21t
100 _aEddings David
245 0 _aEl Trono de Diamante \ David Eddings
260 _c1996
264 _aTimun Mas
942 _2ddc
_cBKS
999 _c12591
_d12591